Responses for Show #4907 - Tuesday, January 3, 2006

Tom Kavanaugh game 4.

Contestants

[<< previous game]

Leslie Birdwell, a writer from Columbus, Ohio

James Calhoun, a substitute teacher from Bremen, Georgia

Tom Kavanaugh, a writer from St. Louis, Missouri (whose 3-day cash winnings total $58,800)

[next game >>]

Jeopardy! Round responses

ALEXANDER THE GREAT
HACKER CINEMA
IT'S A GROUP THING
THE MOST POPULOUS NATION
(Alex: ...in the list we will give you.)
TEA TIME
EVERYTHING FROM A TO X
(Alex: But in this category, each correct response will begin with the letter "A" and end with an "X".)
    $200 1
Aristotle

Tom
    $200 6
Mission: Impossible

Leslie
    $200 11
circle

James
    $200 26
France

James
    $200 16
Earl Grey

James
    $200 21
apex

Tom
    $400 2
Darius

James
    $400 7
Die Hard

James
    $400 12
the Seven Sisters

Tom
    $400 27
(James: What is Bahamas?)
(Tom: What is Bahrain?)

Bulgaria

TomJamesLeslie
    $400 17
(James: What is tannin?)

caffeine

JamesLeslie
    $400 22
anthrax

Tom
    $600 3
(Leslie: What are phalanges?)
[Originally ruled incorrect; reversed at first break]

phalanx

JamesLeslie
    $600 8
(Leslie: Who is Morpheus?)

The Matrix

JamesLeslie
    $600 13
(Alex: Live [*], yes.)

8

Tom
    $600 28
(Tom: What is Denmark?)

Sweden

TomLeslie
    $600 18
(Tom: What is red?)

oolong

Tom
Triple Stumper
    $600 23
annex

Tom
    $800 4
Ptolemy

Tom
    $800 9
WarGames

Tom
    $800 14
the Kitchen Cabinet

Leslie
    $800 29
(Leslie: Djibouti.)

Ethiopia

JamesLeslie
    $800 19
scones

Tom
    $800 24
(Leslie: [Shakes head])

the appendix

JamesLeslie
    $1000 5
Roxane

Leslie
    $1000 10
The Italian Job

James
    $1000 15
the Fates

Tom
    $1000 30
(James: What is Venezuela?)

Colombia

JamesLeslie
    $1000 20
darjeeling

Tom
    $1,200 25
(James: What is... antipathex?)

anticlimax

James

Scores at the first commercial break (after clue 15):

Tom James Leslie
$3,800 $3,200 $2,000

Scores at the end of the Jeopardy! Round:

Tom James Leslie
$5,200 $2,200 $2,800

Double Jeopardy! Round responses

ALEXANDER THE NOT-SO-GREAT
THE MUSICAL QUESTION
SOAP DISH
PLAYWRIGHTS & ACTRESSES
AN ATTEMPT AT ALLITERATION
HAPPY "NEW" YEAR
    $400 1
Richard Nixon

Leslie
    $400 17
"Who Let The Dogs Out?"

Leslie
    $400 6
Ivory soap

Leslie
    $400 11
Pinter

James
    $400 16
Tiny Tim

Tom
    $400 26
the New World

Tom
    $800 2
Fort McHenry

Tom
    $800 18
"What's New Pussycat?"

Tom
    $800 7
(Tom: What is lust?)

Zest

Tom
Triple Stumper
    $800 12
Noel Coward

Leslie
    $800 22
Walt Whitman

Tom
    $800 27
the New Deal

Leslie
    $2,000 3
Alexander Haig

Tom
    $1200 19
"Who's That Girl"

Tom
    $1200 8
(Alex: "[*] Presents Hollywood".)

Lux

Triple Stumper
    $2,000 13
(Leslie: Who is Tallulah Bankhead?)
(Alex: No, but that same era.)

Bette Davis

Leslie
    $1200 23
Alcoholics Anonymous

Triple Stumper
    $1200 28
New Age

James
    $1600 4
Antipope

Triple Stumper
    $1600 20
"How Can You Mend A Broken Heart"

Leslie
    $1600 9
Camay

Triple Stumper
    $1600 14
(Leslie: Who is Neil Simon?)

David Rabe

Leslie
Triple Stumper
    $1600 24
Big Ben

Tom
    $1600 29
Newton

Leslie
    $2000 5
Lucrezia Borgia

James
    $2000 21
"What'd I Say"

Leslie
    $2000 10
Pears

Leslie
    $2000 15
Clifford Odets

Leslie
    $2000 25
Alvin Ailey

Tom
    $2000 30
the Newbery

Leslie

Scores at the end of the Double Jeopardy! Round:

Tom James Leslie
$14,400 $5,800 $13,200

[wagering suggestions for these scores]

Final Jeopardy! Round responses

U.S. CITIES
JamesWhat is Oklahoma City
$5,700
LeslieWhat Ne
$13,000
TomWhat is Oklahoma City
$12,001
Oklahoma City

Final scores:

Tom James Leslie
$26,401 $11,500 $200
4-day champion: $85,201 2nd place: $2,000 3rd place: $1,000

Game dynamics:

Coryat scores:

Tom James Leslie
$13,600 $7,000 $15,200
20 R
(including 1 DD),
4 W
13 R,
4 W
(including 1 DD)
19 R,
5 W
(including 1 DD)

Combined Coryat: $35,800

[game clues] [game scores] [suggest correction]

Game tape date: 2005-10-25
The J! Archive is created by fans, for fans. Scraping, republication, monetization, and malicious use prohibited; this site may use cookies and collect identifying information. See terms. The Jeopardy! game show and all elements thereof, including but not limited to copyright and trademark thereto, are the property of Jeopardy Productions, Inc. and are protected under law. This website is not affiliated with, sponsored by, or operated by Jeopardy Productions, Inc. Join the discussion at JBoard.tv.